| 000 | 00676 a2200157 4500 | ||
|---|---|---|---|
| 005 | 20160820020003.0 | ||
| 008 | 141121b xxu||||| |||| 00| 0 spa d | ||
| 040 |
_aCO-BoHI _cCO-BoHI |
||
| 041 | _aeng | ||
| 111 |
_cVilla de Leyva _dagosto 4-9, 1997 _928863 |
||
| 245 |
_aAnálisis Económico de la Biodiversidad y los Ecosistemas Locales : _b valoración y políticas |
||
| 260 |
_aVilla de Leyva _bUniversidad de Massachusetts _c1997 |
||
| 300 |
_a497.p _c28.cm. |
||
| 773 | 0 |
_dVilla de Leyva Universidad de Massachusetts Instituto Alexander von Humboldt 1997 _tAnl̀isis econm̤ico de la biodiversidad y los ecosistemas locales, valoracin̤ y polt̕icas |
|
| 942 |
_2z _cINFORME _01 |
||
| 999 |
_c8816 _d8816 |
||